000 00748cam a2200181 i 4500
005 20251218085113.0
008 250721s2009 jo gr 000 0 ara d
082 1 4 _a216.916
_bع ب د
100 1 _aعبد العزيز، مصلح حسن أحمد
_eمؤلف.
245 1 2 _aالعهود والمواثيق في التراث العربي الإسلامي :
_bدراسة قانونية مقارنة /
_cالاستاذ مصلح حسن أحمد عبد العزيز.
250 _aالطبعة الاولى.
264 3 1 _aعمان :
_bدار أيلة للنشر والتوزيع،
_c2009.
300 _a225 صفحة.
650 1 7 _aالاسلام.
650 1 7 _aالاتفاقيات الدولية.
942 _2ddc
_cBK
999 _c117788
_d117788